Guide to laboratory establishment for plant nutrient analysis / (Record no. 11290)
[ view plain ]
| 000 -LEADER | |
|---|---|
| fixed length control field | 01099cam a2200205 a 4500 |
| 020 ## - INTERNATIONAL STANDARD BOOK NUMBER | |
| ISBN | 9789251059814 (pbk.) |
| 020 ## - INTERNATIONAL STANDARD BOOK NUMBER | |
| ISBN | 9251059810 (pbk.) |
| 040 ## - CATALOGING SOURCE | |
| Transcribing agency | UKM |
| 082 ## - DEWEY DECIMAL CLASSIFICATION NUMBER | |
| Classification number | 572 FOO 2008 |
| 100 1# - MAIN ENTRY--AUTHOR NAME | |
| Personal name | Motsara, M. R |
| 245 10 - TITLE STATEMENT | |
| Title | Guide to laboratory establishment for plant nutrient analysis / |
| 260 ## - PUBLICATION, DISTRIBUTION, ETC. (IMPRINT) | |
| Place of publication | Rome : |
| Name of publisher | Food and Agriculture Organization of the United Nations, |
| Year of publication | 2008 |
| 300 ## - PHYSICAL DESCRIPTION | |
| Number of Pages | xi, 204 p. : |
| Other physical details | ill. ; |
| Dimensions | 25 cm |
| 520 ## - SUMMARY, ETC. | |
| Summary, etc | This publication provides practical guidelines on establishing composite service laboratories for the analysis of soil, plants, water and fertilizers (mineral, organic and biofertilizers). It also provides various analytical methods for assessing soil fertility and making nutrient recommendations, assessing quality of irrigation water, and details of the equipment, chemicals and glassware required for a given analytical capacity.--Publisher's description |
| 650 #0 - SUBJECT ADDED ENTRY--TOPICAL TERM | |
| Topical Term | Plants |
| 700 1# - ADDED ENTRY--PERSONAL NAME | |
| Personal name | Roy, R. N |
| 710 2# - ADDED ENTRY--CORPORATE NAME | |
| Corporate name or jurisdiction name as entry element | Food and Agriculture Organization of the United Nations |
| 856 11 - ELECTRONIC LOCATION AND ACCESS | |
| Uniform Resource Identifier | ftp://ftp.fao.org/docrep/fao/011/i0131e/i0131e.pdf |
| 942 ## - ADDED ENTRY ELEMENTS (KOHA) | |
| Koha item type | សៀវភៅភាសាអង់គ្លេស |
No items available.